|
|
|
|
| LEADER |
01103nam a2200337 4500 |
| 001 |
DLU180184544 |
| 005 |
##20180418 |
| 040 |
# |
# |
|a DLU
|b vie
|
| 041 |
# |
# |
|a vie
|
| 044 |
# |
# |
|a vn
|
| 100 |
# |
# |
|a Nguyễn Thùy Dương.
|
| 245 |
# |
# |
|a Ảnh hưởng của nano silica biến tính silan đến khả năng bảo vệ chống ăn mòn của màng sơn epoxy giàu kẽm /
|c Nguyễn Thùy Dương, ... [và những người khác].
|
| 653 |
# |
# |
|a Corrosion protection
|
| 653 |
# |
# |
|a Electrochemical impedance spectroscopy
|
| 653 |
# |
# |
|a Silane modified nano silica
|
| 653 |
# |
# |
|a Zinc rich coating
|
| 700 |
# |
# |
|a Trịnh Anh Trúc.
|
| 700 |
# |
# |
|a Bùi Văn Trước.
|
| 700 |
# |
# |
|a Phạm Gia Vũ.
|
| 700 |
# |
# |
|a Tô Thị Xuân Hằng.
|
| 700 |
# |
# |
|a Thái Hoàng.
|
| 773 |
# |
# |
|t Hóa học
|g Số 6, 2015, tr. 713-717
|
| 920 |
# |
# |
|a Phòng Tạp chí -- Trung tâm Thông tin - Thư viện Trường Đại học Đà Lạt
|
| 994 |
# |
# |
|a DLU
|
| 900 |
# |
# |
|a True
|
| 911 |
# |
# |
|a Hoàng Thị Huyền
|
| 925 |
# |
# |
|a G
|
| 926 |
# |
# |
|a A
|
| 927 |
# |
# |
|a BB
|
| 980 |
# |
# |
|a Thư viện Trường Đại học Đà Lạt
|